LEADER 01155nam0-2200397---450- 001 990009488470403321 005 20120730131717.0 010 $a978-88-7488-401-8 035 $a000948847 035 $aFED01000948847 035 $a(Aleph)000948847FED01 035 $a000948847 100 $a20111121d2011----km-y0itay50------ba 101 0 $aita 102 $aIT 105 $a--------001yy 200 1 $aEsercizi di teoria dei segnali$fRiccardo Leonardi, Pierangelo Migliorati 205 $a3 ed. 210 $aBologna$cProgetto Leonardo, Esulapio$d2011 215 $aVIII, 344 p.$cill.$d24 cm 610 0 $aProbabilità$aEsercizi 610 0 $aVariabili aleatorie$aEsercizi 676 $a519.2076 700 1$aLeonardi,$bRiccardo$0514437 701 1$aMigliorati,$bPierangelo$0514438 801 0$aIT$bUNINA$gRICA$2UNIMARC 901 $aBK 912 $a990009488470403321 952 $a13 25 04$b17511$fFINBC 952 $a23 05 A 30$b17512$fFINAG 952 $a23 05 A 31$b17848$fFINAG 952 $a13 H 54 31$b17847$fFINBC 959 $aFINBC 959 $aFINAG 996 $aEsercizi di teoria dei segnali$9852273 997 $aUNINA LEADER 01018nam0-2200301 --450 001 9910325559303321 005 20190620131447.0 010 $a978-88-400-1500-2 020 $aIT$b2011-6204 100 $a20190620d2011----kmuy0itay5050 ba 101 0 $aita 102 $aIT 105 $a 001yy 200 1 $a<>violenza non è la soluzione$ela Gran Bretagna, la Santa Sede e la guerra civile in Irlanda del Nord, 1966-1972$fLucio Valent 210 $aMilano$cUNICOPLI$d2011 215 $a298 p.$d24 cm 225 1 $aPolitica estera e opinione pubblica 320 $aContiene bibl. (pp.283-290) 610 0 $aGuerra civile$aRuolo [dei] Rapporti [della] Gran Bretagna [con la] Santa Sede$aIrlanda del Nord$a1966-1972 676 $a941.60824$v20$zita 700 1$aValent,$bLucio$0765880 801 0$aIT$bUNINA$gREICAT$2UNIMARC 901 $aBK 912 $a9910325559303321 952 $aXIV B 2790$b746/2019$fFSPBC 959 $aFSPBC 996 $aViolenza non è la soluzione$91557508 997 $aUNINA LEADER 00911cam0 22002653 450 001 SOB005830 005 20200421094740.0 010 $a0520216032 100 $a20040211d1999 |||||ita|0103 ba 101 $aeng 102 $aUS 200 1 $aFilm Quarterly$eForty years- A selection$fEdited by Brian Henderson$gand Ann Martin$gwith Lee Amazonas 210 $aBerkeley$aLos Angeles$aLondon$cUniversity of California Press$d1999 215 $a571 p.$cill.$d26 cm. 702 1$aHENDERSON, Brian$3AF00017603$4070 702 1$aMARTIN, Ann$3AF00017604$4070 801 0$aIT$bUNISOB$c20200421$gRICA 850 $aUNISOB 852 $aUNISOB$j791.43$m106359 912 $aSOB005830 940 $aM 102 Monografia moderna SBN 941 $aM 957 $a791.43$b000545$gSI$d106359$racquisto$1carrano$2UNISOB$3UNISOB$420120720092214.0$520120720092303.0$6carrano 996 $aFilm Quarterly$91677900 997 $aUNISOB